000 00970cam a2200265 4500
001 ABS65116
008 010730n2001 000 0 eng u
035 _a(Sirsi) u116823
100 _aBingham, T.
245 _aFence Gate Ltd v James R Knowles Ltd
260 _c2001
490 _aConstruction Industry Law Letter
_v[2001] CILL 1757-1759(3)
520 _a31 May 2001. Enforcement - jurisdiction - HGCRA 1996 s104(2) - contract for provision of litigation support.
590 _aABS
650 _aFENCE GATE LTD V JAMES R KNOWLES LTD
650 _aHOUSING GRANTS, CONSTRUCTION AND REGENERATION ACT 1996
650 _aCONSTRUCTION OPERATIONS
650 _aEXPERT SERVICES
650 _aJURISDICTION
650 _aFEES
650 _aEXPERT EVIDENCE
650 _aMANAGEMENT-DISPUTE AVOIDANCE, MANAGEMENT AND RESOLUTION-DISPUTE MANAGEMENT AND RESOLUTION-ALTERNATIVE DISPUTE RESOLUTION-ADJUDICATION
690 _aDispute resolution
_96236
942 _n0
999 _c69577
_d69577